Life : el juego de la vida [juego].

Guardado en:
Formato: Objeto Físico
Publicado: Buenos Aires : Hasbro, 2011
Materias:
Etiquetas: Agregar Etiqueta
Sin Etiquetas, Sea el primero en etiquetar este registro!
LEADER 00768nrm a22001455a 4500
001 CEM.cems017566
008 130507s2011##################0###0#####d
005 20230912093340.0
245 0 0 |a Life :  |b el juego de la vida [juego]. 
260 |a Buenos Aires :  |b Hasbro,  |c 2011 
500 |a Para 9 años en adelantepara 2 a 6 jugadorestablero, 6 fichas en forma de coches, fichas azules y rosas en forma de personas, 3 montañas, un puente, 7 edificios, hoja de autoadhesivos, base de la ruleta, brazo y aro de la ruleta, billetes de diferente denominación, polizas de seguros y prestamos bancarios, 25 fichas de Life, 36 tarjetas de juego, instrucciones 
082 0 4 |a A4 
653 |a Juego de mesa 
653 |a Juego de familia 
859 |a CEMS  |b BIB. CEMS - Agricultura  |h A4  |i 1-5  |p A0033.99  |t Ej.1